| 000 | 00362 a2200133 4500 | ||
|---|---|---|---|
| 003 | Nust | ||
| 005 | 20170207154601.0 | ||
| 040 | _cNust | ||
| 082 | _a025.34 | ||
| 245 | _aChoosing your English: drills for lessons: Units 1-9, side 1: units 10-19 side 2 | ||
| 505 | _aAlmirah No.73 shelf No.6 | ||
| 650 | _aEnglish learning | ||
| 651 | _aChoosing your English | ||
| 655 | _aDrills for lessons | ||
| 999 |
_c198581 _d198581 |
||